| 000 | 00430nam a2200157 i 4500 | ||
|---|---|---|---|
| 001 | bg | ||
| 100 | 1 | _aGRIN, M. | |
| 245 | 0 |
_aMetalloorganiceskie soedinenija perechodnych elementow / _cM. Grin ; Perev. s ang. L. I. Denisovic. |
|
| 260 |
_aMoskva : _bIzdat. "Mir", _c1972. |
||
| 300 |
_as. 456 : _bilustr. |
||
| 040 | _cBPK | ||
| 041 | _apol | ||
| 080 | _a546:541.49 | ||
| 942 | _cKS | ||
| 008 | s pl f |000 0 pol | ||
| 999 |
_c14886 _d14886 |
||
| 856 |
_uhttp://koha.tu.koszalin.pl/cgi-bin/koha/opac-detail.pl?biblionumber=14886 _yKatalog online BPK |
||